<?xml version="1.0" encoding="UTF-8"?>
<record
    xmlns:xsi="http://www.w3.org/2001/XMLSchema-instance"
    xsi:schemaLocation="http://www.loc.gov/MARC21/slim http://www.loc.gov/standards/marcxml/schema/MARC21slim.xsd"
    xmlns="http://www.loc.gov/MARC21/slim">

  <leader>01629    a2200193   4500</leader>
  <controlfield tag="003">NUST</controlfield>
  <controlfield tag="005">20221107124127.0</controlfield>
  <datafield tag="020" ind1=" " ind2=" ">
    <subfield code="a">8131710696</subfield>
  </datafield>
  <datafield tag="040" ind1=" " ind2=" ">
    <subfield code="c">Nust</subfield>
  </datafield>
  <datafield tag="082" ind1=" " ind2=" ">
    <subfield code="a">510.76,KHA</subfield>
  </datafield>
  <datafield tag="100" ind1=" " ind2=" ">
    <subfield code="a">Khattar, Dinesh</subfield>
    <subfield code="9">102356</subfield>
  </datafield>
  <datafield tag="245" ind1=" " ind2=" ">
    <subfield code="a">The pearson guide to objective mathematics :</subfield>
    <subfield code="b">for engineering entrance examinations /</subfield>
    <subfield code="c">Dinesh Khattar</subfield>
  </datafield>
  <datafield tag="250" ind1=" " ind2=" ">
    <subfield code="a">2nd ed.</subfield>
  </datafield>
  <datafield tag="260" ind1=" " ind2=" ">
    <subfield code="a">Perason Education</subfield>
    <subfield code="b">Delhi</subfield>
    <subfield code="c">2007</subfield>
  </datafield>
  <datafield tag="300" ind1=" " ind2=" ">
    <subfield code="a">1252 p</subfield>
    <subfield code="b">illus</subfield>
    <subfield code="c">24 cm</subfield>
  </datafield>
  <datafield tag="505" ind1=" " ind2=" ">
    <subfield code="a">Functions (Page-1), Limits (Page-45),  Differentiation (Page-112), Applications of Derivations (Page-143), Indefinite Integration (Page-198), Definite Integral and Area (Page-240), Differential Equations  (Page-322), Coordinate and Straight lines (Page-343), Pair of Straight Lines (Page-388),Circles (Page-406), Conic Sections (Page-461), Complex Numbers (Page-531), Sequences and Series (Page-582), Quadratic Equitation's and In equations (Page-637),Permutations and Combinations (Page-680), Binomial Theorem (Page-711), Exponential and Logarithmic series (Page-744), Matrices (Page-755), Determinants (Page-779), Trigonometric Ratios and Identities (Page-811),  Trigonometric Equations (Page-847), Inverse Trigonometric Functions (Page-865), Properties and Solutions Triangles (Page-884),Heights and Distances (Page-909), Probability (Page-919), Statistics (Page-963), Vectors (Page-982), Tree Dimensional Geometry (Page-1030), Statics (Page-1056), Dynamics (Page-1091), Set Theory (Page-1118), Numerical Methods (Page-1133), Linear Programming (Page-1144),Hyperbolic Functions (Page-1151). </subfield>
  </datafield>
  <datafield tag="600" ind1=" " ind2=" ">
    <subfield code="a">Dinesh Khattar</subfield>
    <subfield code="9">10951</subfield>
  </datafield>
  <datafield tag="942" ind1=" " ind2=" ">
    <subfield code="2">ddc</subfield>
    <subfield code="c">BK</subfield>
    <subfield code="k">510.76,KHA</subfield>
  </datafield>
  <datafield tag="999" ind1=" " ind2=" ">
    <subfield code="c">188491</subfield>
    <subfield code="d">188491</subfield>
  </datafield>
  <datafield tag="952" ind1=" " ind2=" ">
    <subfield code="0">0</subfield>
    <subfield code="1">0</subfield>
    <subfield code="2">ddc</subfield>
    <subfield code="4">0</subfield>
    <subfield code="7">0</subfield>
    <subfield code="a">MCS</subfield>
    <subfield code="b">MCS</subfield>
    <subfield code="c">GEN</subfield>
    <subfield code="d">2016-12-12</subfield>
    <subfield code="o">510.76,KHA</subfield>
    <subfield code="p">MCS34689</subfield>
    <subfield code="r">2016-12-08</subfield>
    <subfield code="w">2016-12-12</subfield>
    <subfield code="y">BK</subfield>
    <subfield code="z">Almirah No.10, Shelf No.3</subfield>
  </datafield>
</record>
